[Event "DEM U12/U12w 2008"]
[Site "Willingen GER"]
[Date "2008.05.17"]
[Round "11"]
[White "Eigemann, Frederik"]
[Black "Große, Christian"]
[Result "0-1"]
[Termination "normal"]
[Board "12"]
[WhiteElo "1685"]
[BlackElo "1885"]
[PlyCount "50"]
[WhiteFideId "24692034"]
[BlackFideId "24646156"]
[EventCountry "GER"]
[EventRounds "11"]
[EventType "swiss"]
[EventDate "2008.05.10"]

1. e4 c5 2. Nf3 Nc6 3. d4 cxd4 4. Nxd4 Nf6 5. Nc3 e5 6. Ndb5 d6 7. Nd5 Nxd5 8.
exd5 Nb8 9. Qf3 Be7 10. Bd2 a6 11. Qa3 Nd7 12. Bb4 Nc5 13. Bxc5 dxc5 14. d6
Bxd6 15. Rd1 axb5 16. Qxa8 O-O 17. Bxb5 Qb6 18. Qa4 e4 19. Qb3 Qc7 20. h3 e3
21. O-O exf2+ 22. Kxf2 c4 23. Qxc4 Bc5+ 24. Ke1 Qg3+ 25. Ke2 Qe3# 0-1

[Event "DEM U12/U12w 2008"]
[Site "Willingen GER"]
[Date "2008.05.17"]
[Round "11"]
[White "Peil, Christoph"]
[Black "Töws, Manuel"]
[Result "1-0"]
[Termination "normal"]
[Board "13"]
[WhiteElo "1680"]
[BlackElo "1617"]
[PlyCount "97"]
[WhiteFideId "24651800"]
[BlackFideId "24654485"]
[EventCountry "GER"]
[EventRounds "11"]
[EventType "swiss"]
[EventDate "2008.05.10"]

1. d4 Nf6 2. c4 g6 3. Nc3 Bg7 4. e4 d6 5. Bd3 O-O 6. Nge2 e5 7. d5 Nh5 8. O-O
f5 9. exf5 Bxf5 10. Ne4 Nf6 11. N2g3 Nxe4 12. Nxe4 Nd7 13. Be3 Nf6 14. f3 b6
15. Qd2 Nxe4 16. fxe4 Bd7 17. b4 Qe7 18. Rfc1 c5 19. dxc6 Bxc6 20. c5 dxc5 21.
bxc5 b5 22. Qb4 a6 23. a4 bxa4 24. Bc4+ Kh8 25. Bd5 Qd7 26. Rd1 Rfd8 27. Qb6
Rdc8 28. Bxc6 Qxc6 29. Rd8+ Bf8 30. Qxc6 Rxd8 31. Qe6 Bg7 32. c6 Rf8 33. c7
Rac8 34. Qd7 a5 35. Bc5 Rfe8 36. Rxa4 h6 37. Rxa5 g5 38. Rb5 Kg8 39. Ba7 Kf8
40. Rb8 Rxb8 41. cxb8=Q Rxb8 42. Bxb8 Kg8 43. Qe6+ Kh7 44. Qf7 Kh8 45. g4 h5
46. gxh5 g4 47. h6 Bf6 48. Qxf6+ Kg8 49. Qg7# 1-0

[Event "DEM U12/U12w 2008"]
[Site "Willingen GER"]
[Date "2008.05.17"]
[Round "11"]
[White "Pfadenhauer, Johannes"]
[Black "Carow, Johannes"]
[Result "1/2-1/2"]
[Termination "normal"]
[Board "14"]
[WhiteElo "1654"]
[BlackElo "1668"]
[PlyCount "53"]
[WhiteFideId "24615269"]
[BlackFideId "24692050"]
[EventCountry "GER"]
[EventRounds "11"]
[EventType "swiss"]
[EventDate "2008.05.10"]

1. d4 c5 2. d5 e5 3. Nc3 d6 4. e4 a6 5. a4 g6 6. h4 h5 7. Be2 Be7 8. Nf3 f6 9.
Nd2 Nh6 10. Nc4 Nd7 11. a5 b5 12. axb6 Nxb6 13. Na5 f5 14. Nc6 Qc7 15. Nxe7
Qxe7 16. Bxh6 Rxh6 17. exf5 Bxf5 18. Rxa6 Rxa6 19. Bxa6 e4 20. Qe2 g5 21. Qe3
Rg6 22. g3 g4 23. Ke2 Qe5 24. Rd1 Kf7 25. Kf1 Kg7 26. b3 Rf6 27. Qg5+ 1/2-1/2

[Event "DEM U12/U12w 2008"]
[Site "Willingen GER"]
[Date "2008.05.17"]
[Round "11"]
[White "Neef, Maximilian"]
[Black "Carmesin, Matthias"]
[Result "1/2-1/2"]
[Termination "normal"]
[Board "15"]
[WhiteElo "1580"]
[BlackElo "1641"]
[PlyCount "131"]
[WhiteFideId "24692085"]
[BlackFideId "4635965"]
[EventCountry "GER"]
[EventRounds "11"]
[EventType "swiss"]
[EventDate "2008.05.10"]

1. d4 d5 2. c4 e6 3. Nc3 Nf6 4. cxd5 exd5 5. Bg5 Nbd7 6. e3 Bb4 7. Bd3 c5 8.
Nge2 c4 9. Bc2 Qa5 10. O-O O-O 11. a3 Bd6 12. f3 Re8 13. e4 dxe4 14. Bxf6 Nxf6
15. fxe4 Ng4 16. e5 Ne3 17. Qd2 Nxc2 18. Qxc2 Bf8 19. Ne4 h6 20. Qxc4 Be6 21.
Qc3 Qd5 22. Qe3 Rad8 23. Rad1 Qb5 24. Rd2 Bc4 25. N2c3 Qb6 26. Re1 Qc6 27. Qf2
b6 28. Re3 Be7 29. Qf3 Qe6 30. Ne2 Bxe2 31. Qxe2 Rd7 32. Rc3 Red8 33. Rcd3 a6
34. Nc3 Bg5 35. Rd1 Re8 36. Re1 f6 37. exf6 Qxe2 38. Rxe2 Rxe2 39. Nxe2 Bxf6
40. Kf2 Kf7 41. Ke1 Ke6 42. Kd2 Kd6 43. Rc3 Rd8 44. Kd3 Re8 45. Ng3 Kd5 46. Rc7
Re1 47. Ne2 Rd1+ 48. Kc2 Rf1 49. Kd3 Rf2 50. Rc2 Rf1 51. Nc3+ Ke6 52. Re2+ Kd7
53. Ne4 Be7 54. Kc4 b5+ 55. Kb3 Rd1 56. Rd2 Rxd2 57. Nxd2 Kd6 58. Nf3 Kd5 59.
h3 Bd8 60. Kc3 Bf6 61. Kb4 Bd8 62. Ne5 Bb6 63. Nf3 g6 64. Kc3 a5 65. Kd3 h5 66.
b3 1/2-1/2

[Event "DEM U12/U12w 2008"]
[Site "Willingen GER"]
[Date "2008.05.17"]
[Round "11"]
[White "Hansch, Karsten"]
[Black "Moritz, Aron"]
[Result "1/2-1/2"]
[Termination "normal"]
[Board "16"]
[WhiteElo "1370"]
[BlackElo "1984"]
[PlyCount "59"]
[WhiteFideId "24692239"]
[BlackFideId "24672319"]
[EventCountry "GER"]
[EventRounds "11"]
[EventType "swiss"]
[EventDate "2008.05.10"]

1. d4 d5 2. Nf3 Nf6 3. e3 Bg4 4. Be2 e6 5. O-O Bd6 6. Nbd2 O-O 7. Ne5 Bxe2 8.
Qxe2 c6 9. f4 Nbd7 10. b3 Qc7 11. Bb2 a5 12. a4 c5 13. Rac1 Qb6 14. Rf3 cxd4
15. Bxd4 Bc5 16. Nxd7 Nxd7 17. Bxc5 Qxc5 18. Qb5 Qxb5 19. axb5 Rac8 20. e4 Rc5
21. exd5 Rxd5 22. Rd3 Nf6 23. Rxd5 Nxd5 24. Nc4 Nxf4 25. Rd1 Ne2+ 26. Kf2 Nc3
27. Rd7 Nxb5 28. Nxa5 f6 29. Rxb7 Nc3 30. Nc6 1/2-1/2

[Event "DEM U12/U12w 2008"]
[Site "Willingen GER"]
[Date "2008.05.17"]
[Round "11"]
[White "Kreyssig, Robert"]
[Black "Zimmermann, Christian"]
[Result "1-0"]
[Termination "normal"]
[Board "17"]
[WhiteElo "1775"]
[BlackElo "1645"]
[PlyCount "115"]
[WhiteFideId "4662881"]
[BlackFideId "24692069"]
[EventCountry "GER"]
[EventRounds "11"]
[EventType "swiss"]
[EventDate "2008.05.10"]

1. d4 d5 2. c4 e6 3. Nc3 Nf6 4. Bg5 Be7 5. e3 O-O 6. cxd5 exd5 7. Bd3 h6 8. Bh4
b6 9. Qc2 Nbd7 10. Nge2 Bb7 11. O-O c5 12. Qd2 Rc8 13. Rac1 Re8 14. Bg3 Nh5 15.
Bb1 Nxg3 16. fxg3 Nf6 17. Qd3 g6 18. Nf4 Kg7 19. Nxg6 fxg6 20. Qxg6+ Kf8 21.
Qxh6+ Kg8 22. Rf5 Kf7 23. Rg5 Ke6 24. Bf5+ Kd6 25. Bxc8 Bxc8 26. Rxd5+ Kc7 27.
Rxd8 Rxd8 28. Nb5+ Kb7 29. Qf4 Rd7 30. dxc5 bxc5 31. Nc3 Kb6 32. Na4+ Kb5 33.
Qc4+ Kc6 34. Nxc5 Rd1+ 35. Rxd1 Bxc5 36. b4 Ba6 37. Qxa6+ Bb6 38. b5+ Kc7 39.
Rc1+ Kd6 40. Rc6+ Ke5 41. Rxb6 axb6 42. Qxb6 Nd7 43. Qc7+ Ke6 44. b6 Nxb6 45.
Qxb6+ Ke5 46. a4 Ke4 47. Qd4+ Kf5 48. a5 Kg5 49. a6 Kf5 50. a7 Kg5 51. a8=R Kf5
52. Rf8+ Ke6 53. Qe4+ Kd7 54. Rf5 Kd6 55. Rd5+ Kc6 56. Qc4+ Kb6 57. Rb5+ Ka6
58. Qa4# 1-0

[Event "DEM U12/U12w 2008"]
[Site "Willingen GER"]
[Date "2008.05.17"]
[Round "11"]
[White "Voggenreiter, Simon"]
[Black "Grewenig, Jan"]
[Result "0-1"]
[Termination "normal"]
[Board "18"]
[WhiteElo "1746"]
[BlackElo "1619"]
[PlyCount "74"]
[WhiteFideId "24615501"]
[BlackFideId "4657330"]
[EventCountry "GER"]
[EventRounds "11"]
[EventType "swiss"]
[EventDate "2008.05.10"]

1. e4 c5 2. Nf3 Nc6 3. d4 cxd4 4. Nxd4 g6 5. c4 Bg7 6. Be3 Nf6 7. Nc3 O-O 8.
Be2 d6 9. O-O Nxd4 10. Bxd4 Be6 11. f3 Qa5 12. Rc1 Rfc8 13. b3 a6 14. Na4 Nd7
15. Bxg7 Kxg7 16. Qd4+ Kg8 17. Nc3 Qc5 18. Rfd1 Qxd4+ 19. Rxd4 Rc5 20. Rcd1 b5
21. Nd5 Bxd5 22. Rxd5 bxc4 23. Rxc5 Nxc5 24. Bxc4 Rb8 25. Rd5 Rb6 26. e5 a5 27.
exd6 exd6 28. Rd2 a4 29. Rb2 axb3 30. Bxb3 Kg7 31. Kf2 f5 32. h4 Nd3+ 33. Ke2
Nxb2 34. Kd2 d5 35. Kc3 Nc4 36. Bxc4 dxc4 37. Kxc4 Kf6 0-1

[Event "DEM U12/U12w 2008"]
[Site "Willingen GER"]
[Date "2008.05.17"]
[Round "11"]
[White "Urban, Lars"]
[Black "Greif, Gavin"]
[Result "1/2-1/2"]
[Termination "normal"]
[Board "19"]
[WhiteElo "1857"]
[BlackElo "1268"]
[PlyCount "28"]
[WhiteFideId "4644034"]
[BlackFideId "24662429"]
[EventCountry "GER"]
[EventRounds "11"]
[EventType "swiss"]
[EventDate "2008.05.10"]

1. d4 d5 2. c4 e6 3. Nc3 Nf6 4. Bg5 Nbd7 5. Nf3 c6 6. e3 Qa5 7. cxd5 Nxd5 8.
Qc2 h6 9. Bh4 Bb4 10. Rc1 Qxa2 11. Bd3 O-O 12. O-O Qa5 13. Nxd5 exd5 14. h3 Re8
1/2-1/2

[Event "DEM U12/U12w 2008"]
[Site "Willingen GER"]
[Date "2008.05.17"]
[Round "11"]
[White "Müller, Nick"]
[Black "Schreiber, Kevin"]
[Result "1-0"]
[Termination "normal"]
[Board "20"]
[WhiteElo "1571"]
[BlackElo "1442"]
[PlyCount "81"]
[WhiteFideId "24692093"]
[BlackFideId "24655830"]
[EventCountry "GER"]
[EventRounds "11"]
[EventType "swiss"]
[EventDate "2008.05.10"]

1. e4 d5 2. exd5 Qxd5 3. Nc3 Qe5+ 4. Be2 c6 5. Nf3 Qc7 6. d4 Nf6 7. O-O Bf5 8.
Re1 e6 9. Ne5 Bd6 10. Bd3 Bxd3 11. Qxd3 O-O 12. Nf3 Nbd7 13. Bg5 h6 14. Bh4 Nd5
15. Ne4 Rfe8 16. Nxd6 Qxd6 17. Bg3 Qb4 18. c4 N5f6 19. a3 Qb6 20. b4 Nh5 21.
Bd6 Qd8 22. c5 Nhf6 23. Rab1 a6 24. a4 Nd5 25. b5 axb5 26. axb5 cxb5 27. Rxb5
Qc8 28. Reb1 b6 29. Rc1 Qc6 30. h3 Ra2 31. Rbb1 bxc5 32. dxc5 Ra5 33. Nd4 Qa6
34. Qxa6 Rxa6 35. c6 N7b6 36. c7 Rc8 37. Nb5 f6 38. Ra1 Raa8 39. Na7 Rf8 40.
Bxf8 Kxf8 41. c8=Q+ 1-0

[Event "DEM U12/U12w 2008"]
[Site "Willingen GER"]
[Date "2008.05.17"]
[Round "11"]
[White "Schuhmacher, Jakob"]
[Black "Müller, Alexandra"]
[Result "1-0"]
[Termination "normal"]
[Board "21"]
[WhiteElo "1657"]
[BlackElo "1532"]
[PlyCount "63"]
[WhiteFideId "4612787"]
[BlackFideId "24691496"]
[EventCountry "GER"]
[EventRounds "11"]
[EventType "swiss"]
[EventDate "2008.05.10"]

1. d4 d5 2. Nf3 Nf6 3. c4 e6 4. Nc3 Be7 5. Bg5 O-O 6. e3 h6 7. Bxf6 Bxf6 8. Qc2
b6 9. Bd3 dxc4 10. Bxc4 Bb7 11. O-O-O Qe7 12. e4 Qe8 13. e5 Be7 14. h4 Nd7 15.
Be2 Rc8 16. Kb1 c5 17. d5 exd5 18. Nxd5 Bd8 19. Bb5 Bc6 20. Bxc6 Rxc6 21. Rhe1
Rc8 22. g3 Bc7 23. Qf5 Kh8 24. Nf6 Nxf6 25. exf6 Qc6 26. fxg7+ Kxg7 27. Re4
Rcd8 28. Rde1 Rfe8 29. Rg4+ Kh8 30. Rxe8+ Rxe8 31. Qxf7 Qe6 32. Qg7# 1-0

[Event "DEM U12/U12w 2008"]
[Site "Willingen GER"]
[Date "2008.05.17"]
[Round "11"]
[White "Holle, Cedric"]
[Black "Powierski, Emil"]
[Result "0-1"]
[Termination "normal"]
[Board "22"]
[WhiteElo "1455"]
[BlackElo "1564"]
[PlyCount "171"]
[WhiteFideId "24692158"]
[BlackFideId "4656199"]
[EventCountry "GER"]
[EventRounds "11"]
[EventType "swiss"]
[EventDate "2008.05.10"]

1. e4 c5 2. d4 cxd4 3. c3 Nf6 4. e5 Nd5 5. Nf3 Nc6 6. cxd4 d6 7. Bc4 Nb6 8. Bb3
d5 9. Nc3 Bg4 10. O-O e6 11. Re1 Bb4 12. Re3 O-O 13. a3 Be7 14. h3 Bf5 15. Bd2
Na5 16. Na4 Nac4 17. Bxc4 Nxc4 18. Rb3 Qd7 19. Nc3 Rfc8 20. Rc1 b6 21. Bg5 Na5
22. Bxe7 Nxb3 23. Qxb3 Qxe7 24. Re1 Bd3 25. Nxd5 exd5 26. Qxd3 Re8 27. Qb5 Rad8
28. Re3 h6 29. Ne1 Qd7 30. Qb3 Qc6 31. Rc3 Qd7 32. Re3 Rc8 33. Nc2 Rc4 34. Qd3
a5 35. b3 Rc6 36. a4 Qc8 37. Na3 f6 38. f4 Rc1+ 39. Kh2 Re6 40. Nb5 Qc2 41.
Qxc2 Rxc2 42. f5 Re7 43. e6 Kh7 44. Rc3 Rf2 45. Nd6 g6 46. Kg3 Rf1 47. Nb5 gxf5
48. Rc7 Rxc7 49. Nxc7 Re1 50. Kf4 Kg6 51. g4 Re4+ 52. Kf3 fxg4+ 53. hxg4 Kg7
54. Kg3 Kf8 55. Nxd5 Rxe6 56. Kf4 Kf7 57. Kf5 Rd6 58. Ke4 Ke6 59. Nf4+ Kd7 60.
d5 Ke7 61. Ne2 Kf7 62. Nf4 Ke7 63. Kf3 Rd8 64. Ke4 Kd6 65. Kd4 Rg8 66. Nh5
Rxg4+ 67. Kc3 Rg6 68. Kc4 f5 69. Kb5 Ke5 70. d6 Kxd6 71. Kxb6 Ke5+ 72. Kxa5 Rg5
73. Nf4 Kxf4 74. b4 Rg1 75. b5 Rh1 76. Kb6 h5 77. a5 h4 78. Ka7 h3 79. b6 h2
80. b7 Rb1 81. b8=Q+ Rxb8 82. Kxb8 h1=Q 83. a6 Qa1 84. a7 Ke4 85. a8=Q+ Qxa8+
86. Kxa8 0-1

[Event "DEM U12/U12w 2008"]
[Site "Willingen GER"]
[Date "2008.05.17"]
[Round "11"]
[White "Schoepe, Tobias"]
[Black "Bokemaer, David"]
[Result "1-0"]
[Termination "normal"]
[Board "23"]
[WhiteElo "1550"]
[BlackElo "1433"]
[PlyCount "75"]
[WhiteFideId "24692107"]
[EventCountry "GER"]
[EventRounds "11"]
[EventType "swiss"]
[EventDate "2008.05.10"]

1. e4 e5 2. Nf3 Nc6 3. Bc4 Nf6 4. Ng5 d5 5. exd5 Na5 6. Bb5+ Bd7 7. Qe2 Bxb5 8.
Qxb5+ c6 9. dxc6 bxc6 10. Qxe5+ Qe7 11. Qxe7+ Bxe7 12. Nc3 O-O 13. O-O Rfe8 14.
d3 Bc5 15. Nge4 Nxe4 16. Nxe4 Bf8 17. Be3 a6 18. Bc5 Nb7 19. Bxf8 Rxf8 20. Rfe1
Rfe8 21. Nc3 Nd6 22. Ne4 Nb5 23. c3 Red8 24. d4 h6 25. Nc5 Nd6 26. Re2 Rdb8 27.
Rae1 a5 28. Na4 Kf8 29. Nc5 Rd8 30. Ne4 Nb5 31. Nc5 Nd6 32. Re7 Nf5 33. R7e5
Nd6 34. h3 Nc4 35. R5e2 Nd6 36. Re7 Rdc8 37. Nd7+ Kg8 38. Nb6 1-0

[Event "DEM U12/U12w 2008"]
[Site "Willingen GER"]
[Date "2008.05.17"]
[Round "11"]
[White "Höpfner, Tim"]
[Black "Ewert, Paul"]
[Result "1-0"]
[Termination "time forfeit"]
[Board "24"]
[WhiteElo "1766"]
[BlackElo "1329"]
[PlyCount "73"]
[WhiteFideId "4638310"]
[EventCountry "GER"]
[EventRounds "11"]
[EventType "swiss"]
[EventDate "2008.05.10"]

1. d4 d5 2. c4 e6 3. Nf3 Nf6 4. g3 Be7 5. Bg2 O-O 6. O-O Nbd7 7. Qc2 c6 8. Nbd2
Re8 9. e4 dxe4 10. Nxe4 Nxe4 11. Qxe4 Nf6 12. Qc2 Bd6 13. Ne5 Qc7 14. f4 c5 15.
Be3 Nd7 16. Qf2 Rf8 17. Nxd7 Bxd7 18. dxc5 Be7 19. b3 Rfc8 20. Rfd1 Bc6 21.
Bxc6 Qxc6 22. b4 a5 23. b5 Qc7 24. c6 bxc6 25. b6 Qb7 26. c5 Rd8 27. a4 Rd5 28.
Rxd5 exd5 29. Bd4 Re8 30. Re1 Qd7 31. Qe3 Kf8 32. Qe5 f6 33. Qe6 Qb7 34. Kg2
Qc8 35. Qxc8 Rxc8 36. Re6 Rb8 37. Rxc6 1-0

[Event "DEM U12/U12w 2008"]
[Site "Willingen GER"]
[Date "2008.05.17"]
[Round "11"]
[White "Gubela, Hans-Erich Constantin"]
[Black "Kuckling, Hannah"]
[Result "1-0"]
[Termination "normal"]
[Board "25"]
[WhiteElo "1460"]
[BlackElo "1531"]
[PlyCount "121"]
[WhiteFideId "24692140"]
[BlackFideId "24603660"]
[EventCountry "GER"]
[EventRounds "11"]
[EventType "swiss"]
[EventDate "2008.05.10"]

1. e4 Nf6 2. Nc3 d5 3. exd5 Nxd5 4. Nxd5 Qxd5 5. Nf3 Bg4 6. Be2 e6 7. d3 Bd6 8.
Be3 O-O 9. h3 Bh5 10. O-O Nd7 11. c4 Qc6 12. a3 Nf6 13. b4 b6 14. c5 Be7 15.
Rc1 Qb7 16. g4 Bg6 17. Ne5 Rad8 18. Qb3 Nd5 19. d4 Bf6 20. c6 Qc8 21. Nd7 Rfe8
22. Qa4 e5 23. Ba6 b5 24. Qa5 Qa8 25. Bb7 Qxb7 26. cxb7 Rxd7 27. Qxb5 Rdd8 28.
b8=Q Rxb8 29. Qxd5 exd4 30. Bd2 Re2 31. Bf4 d3 32. Rfd1 Rd8 33. Qc4 Re4 34.
Qxc7 Bh4 35. g5 Rde8 36. Be3 Bf5 37. Qxa7 Bxh3 38. Rxd3 Rg4+ 39. Kh2 Rg2+ 40.
Kxh3 Rxg5 41. Bxg5 Bxg5 42. Re1 Rf8 43. Qc7 h6 44. f4 Bf6 45. f5 Bg5 46. Rd7
Bf6 47. b5 g6 48. Rg1 g5 49. b6 h5 50. b7 g4+ 51. Kg3 Re8 52. b8=Q Rxb8 53.
Qxb8+ Kg7 54. Qe8 Kh6 55. Qxf7 Be5+ 56. Kg2 Kg5 57. Qg6+ Kf4 58. Rf1+ Ke4 59.
f6+ Ke3 60. Rd3+ Ke2 61. Qe4# 1-0

[Event "DEM U12/U12w 2008"]
[Site "Willingen GER"]
[Date "2008.05.17"]
[Round "11"]
[White "Golosnyak, Alexander"]
[Black "Schmalhorst, Sophia"]
[Result "1/2-1/2"]
[Termination "normal"]
[Board "26"]
[WhiteElo "1479"]
[BlackElo "1317"]
[PlyCount "99"]
[WhiteFideId "24659703"]
[BlackFideId "24682497"]
[EventCountry "GER"]
[EventRounds "11"]
[EventType "swiss"]
[EventDate "2008.05.10"]

1. e4 e5 2. Nf3 Nc6 3. Bb5 a6 4. Ba4 Nf6 5. O-O b5 6. Bb3 Be7 7. Re1 O-O 8. c3
d6 9. d4 Bb7 10. Bg5 Re8 11. a4 h6 12. Bxf6 Bxf6 13. d5 Nb8 14. axb5 axb5 15.
Rxa8 Bxa8 16. Qd3 Qd7 17. Na3 Bb7 18. Qxb5 Ba6 19. Qxd7 Nxd7 20. Ba4 Rd8 21.
Nb5 Nc5 22. Nxc7 Bd3 23. Bc6 Bxe4 24. b4 Bxf3 25. bxc5 Bg4 26. cxd6 Rxd6 27.
Ne8 Rd8 28. Nxf6+ gxf6 29. Ra1 Kf8 30. Ra8 Rxa8 31. Bxa8 Ke7 32. f3 Bd7 33. Kf2
Kd6 34. Ke3 f5 35. f4 f6 36. g3 Bb5 37. h3 Bc4 38. g4 fxg4 39. hxg4 Ba6 40. Ke4
Bb5 41. Kf5 Bd7+ 42. Ke4 Bb5 43. Bc6 Ba6 44. Be8 Be2 45. Bh5 exf4 46. Kxf4 Kxd5
47. Kf5 Kc4 48. Kxf6 Kxc3 49. g5 hxg5 50. Bxe2 1/2-1/2

[Event "DEM U12/U12w 2008"]
[Site "Willingen GER"]
[Date "2008.05.17"]
[Round "11"]
[White "Helle, Samuel"]
[Black "Bonk, Andras"]
[Result "1/2-1/2"]
[Termination "normal"]
[Board "27"]
[WhiteElo "1438"]
[BlackElo "1473"]
[PlyCount "29"]
[WhiteFideId "24692182"]
[BlackFideId "24692123"]
[EventCountry "GER"]
[EventRounds "11"]
[EventType "swiss"]
[EventDate "2008.05.10"]

1. d4 Nf6 2. c4 g6 3. Nc3 Bg7 4. e4 d6 5. f3 O-O 6. Bd3 Nbd7 7. Nge2 e5 8. Be3
exd4 9. Nxd4 Ne5 10. Qd2 c6 11. O-O Nfd7 12. Rac1 Nxd3 13. Qxd3 Ne5 14. Qe2 f5
15. Rfd1 1/2-1/2

[Event "DEM U12/U12w 2008"]
[Site "Willingen GER"]
[Date "2008.05.17"]
[Round "11"]
[White "Stanau, Guido"]
[Black "Stolcz, Bianca"]
[Result "0-1"]
[Termination "normal"]
[Board "29"]
[WhiteElo "1333"]
[BlackElo "1594"]
[PlyCount "104"]
[WhiteFideId "24692255"]
[BlackFideId "24654914"]
[EventCountry "GER"]
[EventRounds "11"]
[EventType "swiss"]
[EventDate "2008.05.10"]

1. e4 c5 2. b3 Nf6 3. Nc3 Nc6 4. Bb2 e6 5. f4 d6 6. Nf3 Bd7 7. Be2 Qc7 8. O-O
Be7 9. Qe1 O-O 10. d3 a6 11. Nd1 e5 12. f5 Nd4 13. Rc1 d5 14. Nxd4 cxd4 15. Bf3
dxe4 16. Bxe4 Nxe4 17. dxe4 Bg5 18. Qg3 Bxc1 19. Bxc1 f6 20. h4 Kh8 21. Rf2 Rg8
22. h5 Rac8 23. Nb2 Qa5 24. Qh3 Qe1+ 25. Rf1 Qxe4 26. Nc4 Qc6 27. Ba3 b5 28.
Nd6 Rcf8 29. Qd3 a5 30. Ne4 b4 31. Bc1 Rc8 32. Rf2 Qd5 33. h6 Bb5 34. hxg7+
Rxg7 35. Qf3 Bc6 36. Re2 Rcg8 37. Qh3 Qf7 38. Nd6 Qd7 39. Ne4 Bxe4 40. Rxe4
Rxg2+ 41. Qxg2 Rxg2+ 42. Kxg2 Qxf5 43. Re2 Qg4+ 44. Kf1 e4 45. Bd2 f5 46. Be1
f4 47. Rg2 Qh3 48. Kg1 f3 49. Rg3 Qf5 50. Kf2 e3+ 51. Kf1 f2 52. Rg2 e2+ 0-1

[Event "DEM U12/U12w 2008"]
[Site "Willingen GER"]
[Date "2008.05.17"]
[Round "11"]
[White "Groetzbach, Julian"]
[Black "Weber, Daniel"]
[Result "1-0"]
[Termination "normal"]
[Board "30"]
[WhiteElo "1484"]
[BlackElo "1300"]
[PlyCount "53"]
[WhiteFideId "24600938"]
[BlackFideId "24615498"]
[EventCountry "GER"]
[EventRounds "11"]
[EventType "swiss"]
[EventDate "2008.05.10"]

1. d4 Nf6 2. c4 g6 3. Nc3 Bg7 4. e4 d6 5. f3 O-O 6. Be3 c5 7. d5 e6 8. Qd2 exd5
9. cxd5 Re8 10. O-O-O Nbd7 11. Bd3 Ne5 12. g4 a6 13. Kb1 b5 14. h4 h5 15. gxh5
Nxd3 16. Qxd3 Nxh5 17. Nge2 Bf6 18. Rdg1 Qc7 19. Ng3 Nxg3 20. Rxg3 Kf8 21. h5
gxh5 22. Rxh5 Re5 23. Rh6 Bg7 24. Rh7 f6 25. Bh6 Re7 26. Rh8+ Kf7 27. Rxg7# 1-0

[Event "DEM U12/U12w 2008"]
[Site "Willingen GER"]
[Date "2008.05.17"]
[Round "11"]
[White "Böhl, Marius"]
[Black "Stolberg, Daniel"]
[Result "1/2-1/2"]
[Termination "normal"]
[Board "31"]
[WhiteElo "1471"]
[BlackElo "1372"]
[PlyCount "76"]
[WhiteFideId "24692131"]
[EventCountry "GER"]
[EventRounds "11"]
[EventType "swiss"]
[EventDate "2008.05.10"]

1. d4 Nf6 2. c4 e6 3. Nc3 Bb4 4. Bg5 O-O 5. Nf3 b6 6. e3 h6 7. Bh4 Bb7 8. Bd3
Bxc3+ 9. bxc3 d6 10. O-O Nbd7 11. Re1 Qc8 12. e4 c5 13. d5 e5 14. a4 Re8 15. a5
bxa5 16. Rxa5 Nh5 17. Qc2 Nf4 18. Rea1 a6 19. Nd2 Nf8 20. Nb3 N8g6 21. Bg3 Qg4
22. f3 Qg5 23. Rb1 Qe7 24. Ra2 Reb8 25. Na5 Qc7 26. Bxf4 Nxf4 27. g3 Ng6 28.
Qa4 Nf8 29. Rab2 Bc8 30. Nc6 Rxb2 31. Rxb2 Bd7 32. Qa5 Qxa5 33. Nxa5 Rd8 34.
Rb6 Bc8 35. Rb8 Nd7 36. Ra8 Nb6 37. Rb8 Nd7 38. Ra8 Nb6 1/2-1/2

[Event "DEM U12/U12w 2008"]
[Site "Willingen GER"]
[Date "2008.05.17"]
[Round "11"]
[White "Aslan, Dersim"]
[Black "Spiegelberg, Silvia"]
[Result "0-1"]
[Termination "normal"]
[Board "32"]
[WhiteElo "1319"]
[BlackElo "1455"]
[PlyCount "122"]
[WhiteFideId "24692271"]
[BlackFideId "24654450"]
[EventCountry "GER"]
[EventRounds "11"]
[EventType "swiss"]
[EventDate "2008.05.10"]

1. d4 Nf6 2. Bg5 Ne4 3. Bf4 c5 4. e3 e6 5. Nf3 Nc6 6. Bd3 Nf6 7. c4 cxd4 8.
exd4 Qb6 9. Qb3 Nxd4 10. Nxd4 Qxd4 11. Be3 Qd6 12. a3 Qe5 13. Be2 Be7 14. Nc3
O-O 15. g3 Nh5 16. g4 Nf4 17. Bf1 d5 18. cxd5 exd5 19. O-O-O Bxg4 20. Rd4 Bf3
21. Rg1 Ng6 22. Rg3 Be4 23. f3 Bf5 24. f4 Qc7 25. Qxd5 Qc8 26. Rc4 Qd7 27. Qf3
Bf6 28. Qh5 Rfc8 29. Qe2 Rxc4 30. Qxc4 Rc8 31. Qb3 a6 32. Bd2 Rd8 33. Rg2 Bh3
34. Qc2 Bxg2 35. Bxg2 Bxc3 36. bxc3 Qd6 37. a4 Qa3+ 38. Kb1 Qd6 39. Bc1 Qd3 40.
Qxd3 Rxd3 41. Bxb7 Rxc3 42. Bxa6 Rh3 43. Bc8 Rxh2 44. a5 Ne7 45. Bb7 Rh6 46. a6
Rb6+ 47. Ka2 Nc6 48. Be3 Rxa6+ 49. Bxa6 Nb4+ 50. Kb3 Nxa6 51. Kc4 h5 52. Bf2
Nc7 53. Kd3 g6 54. Ke4 Kg7 55. f5 g5 56. Bd4+ Kh6 57. Ke5 Ne8 58. Ke4 h4 59.
Kf3 Kh5 60. Kg2 g4 61. Kf2 Kg5 0-1

[Event "DEM U12/U12w 2008"]
[Site "Willingen GER"]
[Date "2008.05.17"]
[Round "11"]
[White "Eichstaedt, Mirko"]
[Black "Groetzbach, Daniel"]
[Result "1/2-1/2"]
[Termination "normal"]
[Board "33"]
[WhiteElo "1265"]
[BlackElo "1454"]
[PlyCount "74"]
[WhiteFideId "24692310"]
[BlackFideId "24692166"]
[EventCountry "GER"]
[EventRounds "11"]
[EventType "swiss"]
[EventDate "2008.05.10"]

1. e4 c5 2. Nf3 Nc6 3. d4 cxd4 4. Nxd4 g6 5. Nxc6 bxc6 6. Be3 Bg7 7. c3 d5 8.
exd5 cxd5 9. Bb5+ Bd7 10. Qxd5 Nf6 11. Bxd7+ Nxd7 12. Bd4 e5 13. Bc5 Nxc5 14.
Qxc5 Qb6 15. Qxb6 axb6 16. O-O O-O 17. Nd2 Rfd8 18. Rfd1 b5 19. Kf1 Rd7 20. a3
Rad8 21. Ke2 Kf8 22. Ne4 Ke7 23. Rxd7+ Rxd7 24. Rd1 Rxd1 25. Kxd1 f5 26. Nc5
Kd6 27. b4 e4 28. a4 Bxc3 29. axb5 Bxb4 30. Nb3 Kc7 31. Ke2 Kb6 32. f3 exf3+
33. Kxf3 Kxb5 34. Nd4+ Kc4 35. Nxf5 gxf5 36. Kf4 Bd6+ 37. Kxf5 Bxh2 1/2-1/2

[Event "DEM U12/U12w 2008"]
[Site "Willingen GER"]
[Date "2008.05.17"]
[Round "11"]
[White "Rahimi, Rozafa"]
[Black "Steimbach, Isabel"]
[Result "1-0"]
[Termination "normal"]
[Board "34"]
[WhiteElo "1297"]
[BlackElo "1448"]
[PlyCount "85"]
[WhiteFideId "24692280"]
[BlackFideId "24692174"]
[EventCountry "GER"]
[EventRounds "11"]
[EventType "swiss"]
[EventDate "2008.05.10"]

1. d4 d5 2. Bf4 Nf6 3. e3 c5 4. c3 e6 5. Nf3 Bd6 6. dxc5 Bxc5 7. Nbd2 O-O 8.
Bd3 Nc6 9. O-O Re8 10. e4 e5 11. Bg5 Be6 12. Bb5 Bd6 13. Re1 a6 14. Bxc6 bxc6
15. exd5 cxd5 16. Nxe5 Rc8 17. Nef3 h6 18. Bh4 Be7 19. Nd4 Bg4 20. Qa4 Qd6 21.
h3 Bd7 22. Qc2 Qf4 23. Bxf6 Bxf6 24. Qd3 Bxd4 25. cxd4 Bf5 26. Rxe8+ Rxe8 27.
Qc3 Re2 28. Nf3 Rc2 29. Qb3 Qd6 30. Re1 Qf4 31. Qxd5 Rxb2 32. Qa8+ Kh7 33. Qxa6
Bxh3 34. Qd3+ g6 35. gxh3 Rxa2 36. d5 Qd6 37. Rc1 Qb6 38. Qe3 Qd6 39. Qd4 Qd7
40. d6 Qxh3 41. d7 Qxf3 42. d8=Q Ra8 43. Q4h8# 1-0